Типологические особенности глагольной подсистемы современного немецкого языка; Известия Томского политехнического университета [Известия ТПУ]; Т. 309, № 5
| Parent link: | Известия Томского политехнического университета [Известия ТПУ]/ Томский политехнический университет (ТПУ).— , 2000- Т. 309, № 5.— 2006.— [С. 212-217] |
|---|---|
| Autore principale: | |
| Riassunto: | Заглавие с титульного листа Электронная версия печатной публикации Показаны типологические особенности в морфологии глагола современного немецкого языка, а именно: явление синкретизма, системная избыточность, отраженные категории и существование синтоморфологии. Они выявляются при сопоставлении морфологической подсистемы современного немецкого языка с соответствующими подсистемами русского и английского языков и служат показателями аналитических тенденций в его системе, отражая на синхронном срезе постепенный переход ряда функций от морфологии к синтаксису. |
| Lingua: | russo |
| Pubblicazione: |
2006
|
| Serie: | Социально-экономические и гуманитарные науки |
| Soggetti: | |
| Accesso online: | http://www.lib.tpu.ru/fulltext/v/Bulletin_TPU/2006/v309/i5/44.pdf |
| Natura: | MixedMaterials Elettronico Capitolo di libro |
| KOHA link: | https://koha.lib.tpu.ru/cgi-bin/koha/opac-detail.pl?biblionumber=171550 |
MARC
| LEADER | 00000nla2a2200000 4500 | ||
|---|---|---|---|
| 001 | 171550 | ||
| 005 | 20231031164016.0 | ||
| 035 | |a (RuTPU)RU\TPU\book\186008 | ||
| 035 | |a RU\TPU\book\186005 | ||
| 090 | |a 171550 | ||
| 100 | |a 20091207d2006 k y0rusy50 ca | ||
| 101 | 0 | |a rus | |
| 102 | |a RU | ||
| 135 | |a drnn ---uucaa | ||
| 181 | 0 | |a i | |
| 182 | 0 | |a b | |
| 200 | 1 | |a Типологические особенности глагольной подсистемы современного немецкого языка |b Электронный ресурс |f Н. С. Жукова | |
| 203 | |a Текст |c электронный | ||
| 215 | |a 1 файл (180 Кб) | ||
| 225 | 1 | |a Социально-экономические и гуманитарные науки | |
| 230 | |a Электронные текстовые данные (1 файл : 180 Кб) | ||
| 300 | |a Заглавие с титульного листа | ||
| 300 | |a Электронная версия печатной публикации | ||
| 320 | |a [Библиогр.: с. 216-217 (18 назв.)] | ||
| 330 | |a Показаны типологические особенности в морфологии глагола современного немецкого языка, а именно: явление синкретизма, системная избыточность, отраженные категории и существование синтоморфологии. Они выявляются при сопоставлении морфологической подсистемы современного немецкого языка с соответствующими подсистемами русского и английского языков и служат показателями аналитических тенденций в его системе, отражая на синхронном срезе постепенный переход ряда функций от морфологии к синтаксису. | ||
| 337 | |a Adobe Reader | ||
| 461 | 1 | |0 (RuTPU)RU\TPU\book\176237 |t Известия Томского политехнического университета [Известия ТПУ] |f Томский политехнический университет (ТПУ) |d 2000- | |
| 463 | 1 | |0 (RuTPU)RU\TPU\book\185932 |t Т. 309, № 5 |v [С. 212-217] |d 2006 |p 276 с. | |
| 610 | 1 | |a глагольная подсистема | |
| 610 | 1 | |a современный немецкий язык | |
| 610 | 1 | |a морфология | |
| 610 | 1 | |a типологические особенности | |
| 610 | 1 | |a глаголы | |
| 610 | 1 | |a синкретизм | |
| 610 | 1 | |a системная избыточность | |
| 610 | 1 | |a синтоморфология | |
| 610 | 1 | |a морфологическая подсистема | |
| 610 | 1 | |a русский язык | |
| 610 | 1 | |a английский язык | |
| 610 | 1 | |a аналитические тенденции | |
| 610 | 1 | |a синхронный срез | |
| 610 | 1 | |a синтаксис | |
| 610 | 1 | |a электронный ресурс | |
| 700 | 1 | |a Жукова |b Н. С. |c лингвист |c доцент Томского политехнического университета, кандидат филологических наук |f 1954- |g Нина Степановна |2 stltpush |3 (RuTPU)RU\TPU\pers\32527 | |
| 801 | 1 | |a RU |b 63413507 |c 20090623 |g PSBO | |
| 801 | 2 | |a RU |b 63413507 |c 20211110 |g PSBO | |
| 856 | 4 | |u http://www.lib.tpu.ru/fulltext/v/Bulletin_TPU/2006/v309/i5/44.pdf | |
| 942 | |c CF | ||